000 00685nam a2200229Ia 4500
005 20250108124937.0
008 008 250107s9999 xx 000 0 eng d
020 _a978-81-87760-36-8
037 _aTB
040 _aCRL
_beng
_cCRL
041 _aeng
_2eng
084 _aO152,3N43,LK Q9
084 _qCRL
100 _aThakurta Paranjoy Guha Au.
_9730114
245 0 _aMedia ethics: truth, fairness, and objectivity
_cThakurta Paranjoy Guha Au.
260 _aNew Delhi, India
_bOxford University Press
_c2765
300 _axxi,526p.
365 _aINR
_b300
650 _aETHICSJOURNALISM
_9730115
942 _cTB
_hO152,3N43,LK Q9
999 _c1235153
_d1235153